<?xml version="1.0" encoding="UTF-8"?><?xml-stylesheet type="text/xsl" href="static/style.xsl"?><OAI-PMH xmlns="http://www.openarchives.org/OAI/2.0/" xmlns:xsi="http://www.w3.org/2001/XMLSchema-instance" xsi:schemaLocation="http://www.openarchives.org/OAI/2.0/ http://www.openarchives.org/OAI/2.0/OAI-PMH.xsd"><responseDate>2026-06-29T02:07:39Z</responseDate><request verb="GetRecord" identifier="oai:docta.ucm.es:20.500.14352/115625" metadataPrefix="marc">https://docta.ucm.es/rest/oai/request</request><GetRecord><record><header><identifier>oai:docta.ucm.es:20.500.14352/115625</identifier><datestamp>2025-05-15T00:00:04Z</datestamp><setSpec>com_20.500.14352_14</setSpec><setSpec>col_20.500.14352_20</setSpec></header><metadata><record xmlns="http://www.loc.gov/MARC21/slim" xmlns:dcterms="http://purl.org/dc/terms/" xmlns:xsi="http://www.w3.org/2001/XMLSchema-instance" xmlns:doc="http://www.lyncode.com/xoai" xsi:schemaLocation="http://www.loc.gov/MARC21/slim http://www.loc.gov/standards/marcxml/schema/MARC21slim.xsd">
   <leader>00925njm 22002777a 4500</leader>
   <datafield ind2=" " ind1=" " tag="042">
      <subfield code="a">dc</subfield>
   </datafield>
   <datafield ind2=" " ind1=" " tag="720">
      <subfield code="a">Lucendo Lacal, Santiago</subfield>
      <subfield code="e">author</subfield>
   </datafield>
   <datafield ind2=" " ind1=" " tag="260">
      <subfield code="c">2019</subfield>
   </datafield>
   <datafield ind2=" " ind1=" " tag="520">
      <subfield code="a">Material gráfico de preparación de la muestra y conferencia de presentación de The Vampyre: Polidori y el origen de la leyenda, exposición celebrada en el Museo Nacional del Romanticismo entre el 7 de noviembre y el 7 de diciembre de 2019 con motivo del segundo centenario de la publicación del relato.</subfield>
   </datafield>
   <datafield ind1="8" ind2=" " tag="024">
      <subfield code="a">https://hdl.handle.net/20.500.14352/115625</subfield>
   </datafield>
   <datafield ind1="8" ind2=" " tag="024">
      <subfield code="a">https://www.cultura.gob.es/dam/jcr:2a7f3323-faa9-44e5-97e3-1d35a613db5f/np-the-vampyre.pdf</subfield>
   </datafield>
   <datafield ind1="8" ind2=" " tag="024">
      <subfield code="a">https://www.cultura.gob.es/mromanticismo/dam/jcr:7bf6abc2-0cae-4ca9-b9ef-be0eb4991764/agenda2019-compr.pdf</subfield>
   </datafield>
   <datafield ind1="8" ind2=" " tag="024">
      <subfield code="a">https://www.cultura.gob.es/mromanticismo/actividades/exposiciones/historico/2019.html</subfield>
   </datafield>
   <datafield ind1="8" ind2=" " tag="024">
      <subfield code="a">https://www.uc3m.es/ss/Satellite/Cultura/es/Detalle/Ficha_C/1371278911012/1371238140394/The_vampyre:_Polidori_y_el_origen_de_la_leyenda</subfield>
   </datafield>
   <datafield ind1="8" ind2=" " tag="024">
      <subfield code="a">https://www.icom-ce.org/the-vampyre-museo-del-romanticismo/</subfield>
   </datafield>
   <datafield ind1="8" ind2=" " tag="024">
      <subfield code="a">https://www.eldiario.es/madrid/somos/malasana/200-anos-del-vampiro-de-polidori-en-el-museo-del-romanticismo-exposicion-conferencia-y-visita-guiada_1_6415235.html</subfield>
   </datafield>
   <datafield ind2="0" ind1="0" tag="245">
      <subfield code="a">The Vampyre: Polidori y el origen de la leyenda</subfield>
   </datafield>
</record></metadata></record></GetRecord></OAI-PMH>